000 00622nam a2200205Ii 4500
003 JO-AjNU
008 230605s9999||||xx |||||||||||||| ||und||
040 _aJO-AjNU
_bara
_erda
_cJO-AjNU
041 _aara
050 1 4 _aBP145.K4 2010
100 3 _aخلاف، عبد الوهاب,
_eauthor
_930550
245 0 0 _aعلم أصول الفقه
250 _aط3
264 3 1 _aبيروت: دار الكتب العلمية، 2010
300 _a190ص
336 _atext
_btxt
_2rdacontent
337 _aunmediated
_bn
_2rdamedia
338 _avolume
_bnc
_2rdacarrier
650 4 _aاصول الفقه الاسلامي
_930551
999 _aA12124
_c15692
_d15692